Datum a čas kvízu
34
Celkem bodů
Celkový počet nahraných bodů na tomto kvízu bez doplňovacích otázek.
2.
Pořadí na kvízu
Konečné umístění týmu na tomto kvízu.
Zaznamenané odpovědi
| # | Otázka | Odpověď | Body | Výsledky |
|---|---|---|---|---|
| 1. | Ve Všetatech na Mělnicku byl v... | Jan Palach | 1 | |
| 2. | Americká společnost Johnson &... | narostla mu prsa | 0 | |
| 3. | Hudební svět přišel o další le... | Cream | 0 | |
| 4. | Univerzita Karlova uzavřela pa... | Home Credit | 1 | |
| 5. | Fotbalová Zbrojovka Brno minul... | SK Líšeň | 1 | |
| 6. | Téma o Brazílii zvítězilo ve f... | USA, Čína | 1 | |
| 7. | Pokud bychom chtěli v říjnu 20... | v Curychu | 0 | |
| 8. | Věříme, že většina z Vás bude... | Paulo Coelho, Jorge Amado | 0.5 | |
| 9. | Především venkovská brazilská... | maniok | 1 | |
| 10. | Co se týče slavných osobností,... | Adriana Lima | 0 |